Southville International School and Colleges
Your cart is empty.
  • Cart
  • Lists
    Public lists Eva Luna New books Lux_list list_1
    Your lists Log in to create your own lists
  • Log in to your account
  • Your cookies
  • Search history
Southville International School and Colleges
  • Advanced search
  • Recent comments
  • Most popular
  • Libraries

Log in to your account

Log in with GOOGLE


If you do not have an external account, but do have a local account, you can still log in:

  1. Home
  2. MARC view: A tale of two cities /
Normal view MARC view ISBD view

A tale of two cities / (Record no. 20621)

[ view plain ]
MARC details
000 -LEADER
fixed length control field 00569nam a2200181 a 4500
005 - DATE AND TIME OF LATEST TRANSACTION
control field 20140310183242.0
008 - FIXED-LENGTH DATA ELEMENTS--GENERAL INFORMATION
fixed length control field 020918s19uu xx 00 eng d
020 ## - INTERNATIONAL STANDARD BOOK NUMBER
International Standard Book Number 0743487605
050 ## - LIBRARY OF CONGRESS CALL NUMBER
Classification number PR 4571
Item number .D548En 2004
100 ## - MAIN ENTRY--PERSONAL NAME
Personal name Dickens, Charles
245 ## - TITLE STATEMENT
Title A tale of two cities /
Statement of responsibility, etc Charles Dickens.
260 ## - PUBLICATION, DISTRIBUTION, ETC. (IMPRINT)
Place of publication, distribution, etc New York :
Name of publisher, distributor, etc Pocket Books,
Date of publication, distribution, etc 2004.
300 ## - PHYSICAL DESCRIPTION
Extent 470 p. :
Dimensions 18 cm.
500 ## - GENERAL NOTE
General note "Supplementary material written by Keith Cox Series edited by Cynthia Brantley Johnson"
650 ## - SUBJECT ADDED ENTRY--TOPICAL TERM
Topical term or geographic name as entry element French revolution
General subdivision Fiction.
942 ## - ADDED ENTRY ELEMENTS (KOHA)
Koha item type Books
Source of classification or shelving scheme Library of Congress Classification
Holdings
Withdrawn status Lost status Source of classification or shelving scheme Damaged status Home library Current library Shelving location Date acquired Source of acquisition Cost, normal purchase price Total Checkouts Full call number Barcode Date last seen Copy number Price effective from Koha item type
    Library of Congress Classification   College Library College Library Fiction Section 08/13/2004   175.00   PR 4571 .D548En 2004 C5036 05/08/2018 1 10/10/2013 Books

A tale of two cities /

APA

Dickens C., . (2004). A tale of two cities. New York: Pocket Books.

Chicago

Dickens Charles, . 2004. A tale of two cities. New York: Pocket Books.

Harvard

Dickens C., . (2004). A tale of two cities. New York: Pocket Books.

MLA

Dickens Charles, . A tale of two cities. New York: Pocket Books. 2004.

  • Place hold
  • Print
  • Cite
  • Add to your cart (remove)
  • Save record
    BIBTEX Dublin Core MARCXML MARC (non-Unicode/MARC-8) MARC (Unicode/UTF-8) MARC (Unicode/UTF-8, Standard) MODS (XML) RIS
  • More searches
    Search for this title in:
    Other Libraries (WorldCat) Other Databases (Google Scholar) Online Stores (Bookfinder.com) Open Library (openlibrary.org)

Exporting to Dublin Core...

SOUTHVILLE LIBRARY

Southville International School and Colleges Library

1281 Tropical Ave. Cor. Luxembourg St., BF Homes International, Las Pinas City

Tel. No. 8256374 / 252358 Loc. 117/146

Powered by Koha